Riconosci il Pokémon - Quiz n°836 - Statistics

Statistiche generali
  • Questo quiz è stato fatto 1 volte
  • Il punteggio medio è 10 su 10
Statistiche sulle risposte
Indizio Riposta % Corretto
Altezza 1,4 m
100%
Peso 340,0 kg
100%
Sesso 50% ♂, 50% ♀
100%
Tasso di cattura 60 (14.8%)
100%
Tasso di allevamento Medio-Veloce
100%
Stadio evoluzione Prima evoluzione
100%
Pokémon Probopass
100%
Generazione Quarta
100%
Tipo Roccia / Acciaio
100%
Abilità Vigore; Magnetismo; Silicoforza
100%
Nessun quiz corrispondente trovato
Distribuzione punteggi
Percentuale di utenti per punteggio
Percentile per numero di risposta
I tuoi punteggi nel tempo
Non hai fatto questo quiz